000 00262nam a2200109Ia 4500
005 20251222114402.0
008 251222s1900||||xx |||||||||||||| ||spa||
082 _aDVD0070/J66L/1984/Ej.2
245 0 _aLos gritos del silencio
264 _bWarner Bros
942 _cDVD
999 _c1695
_d1695